000 01053nam a22002537a 4500
005 20240530110607.0
008 160604s2014 ua a g 000 0 ara d
017 _a2013/15533
_bمصر . دار الكتب المصرية
020 _a9789773505312
040 _aEG-CaGPL
082 0 4 _221
_a940.18\
_bم ص
100 0 _aمحمد حسن العيدروس .
245 1 2 _aالصليبيون و الحملات الاستعمارية فى شمال افريقيا /
_cمحمد حسن العيدروس .
250 _aط1.
260 _aالقاهرة :
_bدار الكتاب الحديث ،
_c2014 .
300 _a212 ص ؛
_c24 سم .
490 0 _aالموسوعة التاريخية و العسكرية : العرب و الصليبيين
650 0 4 _aالحروب الصليبية .
650 0 4 _aالتاريخ الاسلامى
_vموسوعات .
650 0 4 _aالصليبيون .
651 0 4 _aالعالم العربى
_xتاريخ
_yعصر صدر الاسلام .
942 _2ddc
_cBK
999 _c62786
_d62786